Pays connectés sur la carte du monde #3 - Statistiques

Statistiques générales
  • Ce quiz a été pris 53 936 fois
  • Le résultat moyen est 17 sur 21
Réponses sur la Carte
Les réponses sont colorées sur une échelle allant du rouge au vert en fonction du pourcentage des utilisateurs qui les ont devinées à leur premier essai. Vous pouvez retrouver ces pourcentages ci-dessous.
 
Statistiques - réponses
Pays % Correct
Espagne
100%
France
100%
Italie
100%
Portugal
99%
Chine
97%
Grèce
91%
Turquie
90%
Indonésie
88%
Thaïlande
81%
Iran
78%
Slovénie
78%
Albanie
76%
Hongrie
73%
Serbie
73%
Malaisie
72%
Papouasie-Nouvelle- Guinée
69%
Monténégro
68%
Birmanie
66%
Ouzbékistan
59%
Turkménistan
57%
Tadjikistan
52%
Aucun quiz correspondant
Distribution des résultats
% des personnes avec chaque résultat
Percentile par nombre de réponses
Votre historique - résultats
Vous n’avez pas pris ce quiz